|
|
|
แสดงรายละเอียดบรรณานุกรม |
|
|
Brief Record
: Get Marc (ISO 2709)
: E-mail record
: |
|
|
| LEADER 01174nam 2200277 a 4500 | |||
| 001 12060 | |||
| 003 ULIBM | |||
| 008 030417s2004 caua sb 001 0 eng | |||
| 082 ^aอ 306.09593^bส-อ | |||
| 100 ^aสุรพล นาถะพินธุ | |||
| 245 ^aเอกสารประกอบนิทรรศการถาวร เรื่อง พัฒนาการทางสังคมและวัฒนธรรมในประเทศไทยโบราณคดีสมัยก่อนประวัติศาสตร์/^cสุรพล นาถะพินธุ | |||
| 260 ^aกรุงเทพฯ:^bศูนย์มานุษยวิทยาสิรินธร,^c2552 | |||
| 300 ^a260 บาท | |||
| 650 ^aวัฒนธรรมไทย | |||
| 700 ^aผาสุข อินทราวุธ, | |||
| 913 ^aImported by ULIBM Administrator | |||
| 949 ^aImport form external file by ULIBM system | |||
| คุณยังไม่ได้ล็อกอิน คุณสามารถมีกิจกรรมร่วมกับเว็บไซต์ได้ แต่ต้องล็อกอินก่อน :: |
|
| สถานะ | |||||||||
| 1. | หนังสือ สถานะ=ใช้ในห้องสมุดเท่านั้น | อ 306.09593 ส-อ 2004 Barcode: 076067 | ►หนังสืออ้างอิง | On Shelf | |||||
| [แสดง 1/1 รายการ] | |||||||||

| รายการใกล้เคียง หัวเรื่อง [วัฒนธรรมไทย]
|
BibComment |
| คอมเมนท์ทรัพยากรรายการนี้ |
|
|
ห้องสมุดโรงเรียนสามัคคีวิทยาคม
159 ถ.บรรพปราการ ต.เวียง อ.เมือง จ.เชียงราย 57000
โทร. 053-711018 โทรสาร 053-713003